| 000 | 00592nam a22001817a 4500 | ||
|---|---|---|---|
| 005 | 20170821161355.0 | ||
| 010 | _aENG-119960 | ||
| 020 |
_a9789384782566 _c900.00 |
||
| 035 | _aEN-103492 | ||
| 037 | _bDBAD/PUB | ||
| 082 | _a659.1 | ||
| 245 |
_aAdvertisements and their multifold dimensions / _cedited by Yash Spriha |
||
| 260 |
_aDelhi _bDisha International Publishing House _c2016 |
||
| 270 |
_aF-7, Gali No. 1, Panchsheel Garden Ext. Naveen Shahdra, _bDelhi _e1100032 |
||
| 300 |
_axv, 236p. _c22cm(Hb) |
||
| 700 | _aYasha Spriha | ||
| 942 |
_2ddc _cEN _h659.1 _mADV |
||
| 999 |
_c143596 _d143596 |
||